000 00592nam a22002297a 4500
003 UA-OsUOA
001 20502
007 ta
008 20031031b un ||||| |||| 00| 0 ukr d
090 _a911.375(477)
_bО-41
942 _cBK
040 _aUA-OsUOA
_brus
_cUA-OsUOA
_dUA-OsUOA
245 _aОдесса
_bСправочник
300 _a242 с.
_bІлюстрації
955 _a0
041 _arus
080 _a911.375(477)
260 _aОдесса
_bОдесское областное издательство
_c1957
044 _aUA
650 7 _2UDC
999 _c306681
_d306681